Nancy Drew Mystery Stories - Statistics

General Stats
  • This quiz has been taken 79 times
  • The average score is 10 of 15
Answer Stats
Hint Extra Hint Answer % Correct
The Mystery at _____ Inn Vol. 4 (1930) Lilac
83%
The Secret of ______ Ranch Vol. 5 (1931) Shadow
83%
The ________ Mystery Vol. 3 (1930) Bungalow
75%
The Secret of Red ____ Farm Vol. 6 (1931) Gate
75%
The Secret of the Old _____ Vol. 1 (1930) Clock
74%
The Hidden _________ Vol. 2 (1930) Staircase
72%
The Whispering ______ Vol. 14 (1937) Statue
72%
Nancy’s Mysterious ______ Vol. 8 (1932) Letter
70%
The Clue of the Broken ______ Vol. 11 (1934) Locket
70%
The Sign of the Twisted _______ Vol. 9 (1933) Candles
62%
The _______ in the Hollow Oak Vol. 12 (1935) Message
62%
The Clue in the _____ Vol. 7 (1932) Diary
60%
The Mystery of the Ivory _____ Vol. 13 (1936) Charm
57%
The Haunted ______ Vol. 15 (1937) Bridge
51%
The ________ to Larkspur Lane Vol. 10 (1933) Password
47%
No matching quizzes found
Score Distribution
Percent of People with Each Score
Percentile by Number Answered
Your Score History
You have not taken this quiz